| 000 -CABECERA |
| campo de control de longitud fija |
01386nam a2200325 u 4500 |
| 001 - NÚMERO DE CONTROL |
| campo de control |
000082538 |
| 005 - FECHA Y HORA DE LA ÚLTIMA TRANSACCIÓN |
| campo de control |
20200120224749.0 |
| 008 - DATOS DE LONGITUD FIJA--INFORMACIÓN GENERAL |
| campo de control de longitud fija |
130531s2012 ck gr 000 0 spa d |
| 020 ## - NÚMERO INTERNACIONAL ESTÁNDAR DEL LIBRO |
| Número Internacional Estándar del Libro |
9789588343646 |
| 041 0# - CÓDIGO DE LENGUA |
| Código de lengua del texto/banda sonora o título independiente |
ck |
| 043 ## - CÓDIGO DE ÁREA GEOGRÁFICA |
| Código de área geográfica |
s-ck--- |
| 082 04 - NÚMERO DE LA CLASIFICACIÓN DECIMAL DEWEY |
| Número de clasificación |
581.634 |
| Número de documento/Ítem |
P51 |
| Número de edición |
21 |
| 245 10 - MENCIÓN DE TÍTULO |
| Título |
Plantas y territorio en los sistemas tradicionales de salud en Colombia : |
| Resto del título |
contribuciones de la biodiversidad al bienestar humano y la autonomía / |
| Mención de responsabilidad, etc. |
Uldarico Mataí Yucuna... [et.al.] ;compilado por Carlos Alberto Vásquez Londoño y Sebastián Restrepo Calle. |
| 250 ## - MENCIÓN DE EDICIÓN |
| Mención de edición |
1a ed. |
| 260 ## - PUBLICACIÓN, DISTRIBUCIÓN, ETC. |
| Lugar de publicación, distribución, etc. |
Bogotá : |
| Nombre del editor, distribuidor, etc. |
Instituto de Investigaciones de Recursos Biológicos Alexander Humboldt, |
| Fecha de publicación, distribución, etc. |
2012. |
| 300 ## - DESCRIPCIÓN FÍSICA |
| Extensión |
191 páginas : |
| Otras características físicas |
ilustraciones. |
| 500 ## - NOTA GENERAL |
| Nota general |
Incluye índice |
| 504 ## - NOTA DE BIBLIOGRAFÍA, ETC. |
| Nota de bibliografía, etc. |
Incluye referencias bibliográficas : p.190-191 |
| 650 17 - PUNTO DE ACCESO ADICIONAL DE MATERIA--TÉRMINO DE MATERIA |
| Término de materia o nombre geográfico como elemento de entrada |
Plantas medicinales |
| Subdivisión geográfica |
Colombia |
| Fuente del encabezamiento o término |
LEMB |
| 650 27 - PUNTO DE ACCESO ADICIONAL DE MATERIA--TÉRMINO DE MATERIA |
| Término de materia o nombre geográfico como elemento de entrada |
Botánica médica |
| Subdivisión geográfica |
Colombia |
| Fuente del encabezamiento o término |
LEMB |
| 650 27 - PUNTO DE ACCESO ADICIONAL DE MATERIA--TÉRMINO DE MATERIA |
| Término de materia o nombre geográfico como elemento de entrada |
Conocimiento tradicional |
| Subdivisión geográfica |
Colombia |
| Fuente del encabezamiento o término |
LEMB |
| 650 27 - PUNTO DE ACCESO ADICIONAL DE MATERIA--TÉRMINO DE MATERIA |
| Término de materia o nombre geográfico como elemento de entrada |
Medicina tradicional |
| Subdivisión geográfica |
Colombia |
| Fuente del encabezamiento o término |
LEMB |
| 650 27 - PUNTO DE ACCESO ADICIONAL DE MATERIA--TÉRMINO DE MATERIA |
| Término de materia o nombre geográfico como elemento de entrada |
Población indígena |
| Subdivisión geográfica |
Colombia |
| Fuente del encabezamiento o término |
LEMB |
| 650 27 - PUNTO DE ACCESO ADICIONAL DE MATERIA--TÉRMINO DE MATERIA |
| Término de materia o nombre geográfico como elemento de entrada |
Políticas de salud |
| Subdivisión geográfica |
Colombia |
| Fuente del encabezamiento o término |
LEMB |
| 650 27 - PUNTO DE ACCESO ADICIONAL DE MATERIA--TÉRMINO DE MATERIA |
| Término de materia o nombre geográfico como elemento de entrada |
Política médica colombiana |
| Fuente del encabezamiento o término |
LEMB |
| 700 1# - PUNTO DE ACCESO ADICIONAL--NOMBRE DE PERSONA |
| Nombre de persona |
Matapí Yucuna, Uldarico |
| 700 1# - PUNTO DE ACCESO ADICIONAL--NOMBRE DE PERSONA |
| Nombre de persona |
Meléndez Santacruz, Iván |
| 700 1# - PUNTO DE ACCESO ADICIONAL--NOMBRE DE PERSONA |
| Nombre de persona |
Vásquez Londoño, Carlos Alberto, |
| Término indicativo de función/relación |
compilador |
| 700 1# - PUNTO DE ACCESO ADICIONAL--NOMBRE DE PERSONA |
| Nombre de persona |
Restrepo Calle, Sebastián, |
| Término indicativo de función/relación |
compilador |